00548nam a2200181Ia 4500003000900000008004100009020001800050040001600068080001600084245010900100260003900209300001900248650001200267650002100279650001900300650002100319700002600340IN-BaIIA211028s9999 xx 000 0 eng d a0-04-900027-6 cIIA Library a94bHIS-5.2 4aThe ninetenth century 1775-1905bpt. 3cedited by Charles Moraze  aLondonbGeorge Allen & Unwinc1976 axi, 434-1009p. aHistory aMedieval history aModern history aOthers thesaurus aMoraze, Charles., ed.